000 00993cam a2200253 a 4500
001 121
003 BR-CuiBMT
005 20231113222126.0
008 230816s2022 mgba 000 0 por d
020 _a9786555182347
040 _aBR-CuiBMT
_cBR-CuiBMT
080 _22007
_a351.712.2
090 _a351.712.2
_bR375c
100 1 _aReis, Paulo Sérgio de Monteiro
245 1 _aContratos da administração pública :
_badministração direta e estatais : formalização, conteúdo e fiscalização : de acordo com as Leis n° 8.666/1993, n° 14.133/2021 e n° 13.303/2016 /
_cPaulo Sérgio de Monteiro Reis ; prefácio Edgar Guimarães.
260 _aBelo Horizonte :
_bFórum,
_cc2021.
300 _a288 p. :
_bil. ;
_c22 cm
504 _aInclui bibliografia.
590 _8A Biblioteca possui 1. reimpr. 2022.
650 _aContrato administrativo
_zBrasil
650 _aConcessão de serviços públicos
_zBrasil
650 _aEmpresas estatais
_xContrato administrativo
942 _2udc
_cLV
999 _c121
_d121